书目信息 |
| 题名: |
道教神仙戏曲研究
|
|
| 作者: | 王汉民 著 | |
| 分册: | ||
| 出版信息: | 北京 人民文学出版社 2007 |
|
| 页数: | 13,294页 | |
| 开本: | 21cm | |
| 丛书名: | ||
| 单 册: | ||
| 中图分类: | J809.22 | |
| 科图分类: | ||
| 主题词: | 古代戏曲--研究--中国 , 古代戏曲 | |
| 电子资源: | ||
| ISBN: | 978-7-02-005983-6 | |
| 000 | 00841nam0 2200241 450 | |
| 001 | 1235141753 | |
| 005 | 20121019094611.75 | |
| 010 | @a978-7-02-005983-6@dCNY20.00 | |
| 100 | @a20070327d2007 em y0chiy50 ea | |
| 101 | 0 | @achi |
| 102 | @aCN@b110000 | |
| 105 | @ay z 000yy | |
| 200 | 1 | @a道教神仙戏曲研究@Adao jiao shen xian xi qu yan jiu@f王汉民著 |
| 210 | @a北京@c人民文学出版社@d2007 | |
| 215 | @a13,294页@d21cm | |
| 300 | @a本书获福建省百千万人才工程基金、福建师范大学陈德仁育才基金出版资助 | |
| 330 | @a本书内容包括宗教意识与戏曲的起源、道教神仙戏曲的发展、道教神仙戏曲的兴盛、道教神仙戏曲的式微、神仙度脱剧、神仙驱邪除魔剧等。 | |
| 606 | 0 | @a古代戏曲@x研究@y中国 |
| 606 | 0 | @a古代戏曲 |
| 690 | @aJ809.22@v4 | |
| 701 | 0 | @a王汉民@Awang han min@c(文学博士)@4著 |
| 801 | 0 | @aCN@bNLC@c20101222 |
| 905 | @a10447@dJ809.22@eJY13 | |
| 道教神仙戏曲研究/王汉民著.-北京:人民文学出版社,2007 |
| 13,294页;21cm |
| 本书获福建省百千万人才工程基金、福建师范大学陈德仁育才基金出版资助 |
| ISBN 978-7-02-005983-6:CNY20.00 |
| 本书内容包括宗教意识与戏曲的起源、道教神仙戏曲的发展、道教神仙戏曲的兴盛、道教神仙戏曲的式微、神仙度脱剧、神仙驱邪除魔剧等。 |
| ● |
| 相关链接 |
|
|
|
|
正题名:道教神仙戏曲研究
索取号:J809.22/JY13
 
预约/预借
| 序号 | 登录号 | 条形码 | 馆藏地/架位号 | 状态 | 备注 |
| 1 | 7834041 | 278340412 | 学院路分馆/ [索取号:J809.22/JY13] | 在馆 | |
| 2 | 7834042 | 278340421 | 学院路分馆/ [索取号:J809.22/JY13] | 在馆 |